The Weeknd Starboy lyrics - Statistiques

Statistiques générales
  • Ce quiz a été pris 114 fois
  • Le résultat moyen est 191 sur 435
Statistiques - réponses
Hint Réponse % Correct
I
99%
you
90%
You
90%
a
89%
A
89%
im
89%
I’m
89%
Star
85%
starboy
83%
motherfuckin’
75%
the
70%
The
70%
to
68%
in
67%
what
67%
try
64%
ah
63%
Refrain Look
63%
look
63%
done
60%
me
60%
love
58%
my
58%
put
57%
you’ve
56%
so
54%
We
54%
we
54%
just
53%
don’t
52%
dont
52%
your
52%
mood
51%
tryna
51%
worst
49%
clean
47%
need
44%
she
44%
baby
43%
for
43%
pieces
43%
hear
42%
of
42%
Then
42%
on
41%
ebony
40%
empty
40%
nigga
40%
face
38%
House
38%
tease
38%
Every
37%
from
37%
P1
37%
centerpiece
36%
that
36%
cleaner
35%
day
35%
pray
35%
skinny
35%
Twenty
35%
cars
33%
cut
33%
Cut
33%
than
33%
All
32%
into
32%
it
32%
her
31%
shoes
31%
bitch
30%
with
30%
hurt
28%
Let
28%
see
28%
table
28%
New
27%
new
27%
too
27%
up
27%
when
27%
man
26%
red
26%
talkin’
26%
get
25%
ivory
25%
point
25%
money
23%
racks
23%
shade
23%
test
23%
thay
23%
they
23%
toys
23%
two
23%
these
22%
’bout
21%
Girls
21%
mama
21%
this
21%
and
20%
Brad
20%
Lamb
20%
loose
20%
pain
20%
brand
19%
None
19%
Pitt
19%
Switch
19%
switch
19%
aid
17%
any
17%
hearin’
17%
week
17%
year
17%
hundred
16%
like
16%
Made
16%
Milli’
16%
Ay
15%
come
15%
God
15%
kill
15%
Side
15%
whole
15%
Edition
14%
end
14%
lease
14%
off
14%
Pull
14%
time
14%
yah
14%
close
12%
dash
12%
hit
12%
Main
12%
Now
12%
fall
11%
league
11%
SV
11%
alive
10%
bandit
10%
Bought
10%
competition
10%
grocery
10%
lane
10%
lavish
10%
Legend
10%
listen
10%
lookin’
10%
take
10%
talking
10%
crib
9%
cup
9%
king
9%
shop
9%
song
9%
wagon
9%
blue
7%
hearing
7%
roof
7%
style
7%
took
7%
bumpin’
6%
outta
6%
really
6%
Trek
6%
chruch
4%
cry
4%
Khan
4%
Wraith
4%
Coming
2%
far
2%
gettin’
2%
Mulsanne
2%
overweight
2%
Pockets
2%
Roadster
2%
that’s
2%
hefty
0%
Aucun quiz correspondant
Distribution des résultats
% des personnes avec chaque résultat
Percentile par nombre de réponses
Votre historique - résultats
Vous n’avez pas pris ce quiz